Countries Only Bordering Bigger Countries - Statistics

General Stats
  • This quiz has been taken 472 times
    455 since last reset
  • The average score is 47 of 51
Answer Stats
Continent Country % Correct
Europe Liechtenstein
98%
Europe San Marino
98%
Europe Vatican City
98%
Europe Luxembourg
97%
South America Suriname
97%
South America Uruguay
97%
Europe Andorra
96%
South America Ecuador
96%
Europe Estonia
96%
Europe Kosovo
96%
Africa Lesotho
96%
North America Belize
95%
Europe Denmark
95%
North America Haiti
95%
Europe Ireland
95%
South America Paraguay
95%
Asia Bhutan
94%
South America Chile
94%
Asia Nepal
94%
Europe Slovenia
94%
North America El Salvador
93%
Europe Monaco
93%
Asia Qatar
93%
Africa Eswatini
92%
Oceania Papua New Guinea
92%
Europe Portugal
92%
Asia South Korea
92%
Asia Armenia
91%
North America Costa Rica
91%
Europe Moldova
91%
Europe Slovakia
91%
Asia United Arab Emirates
91%
Asia Brunei
90%
Asia Cambodia
90%
Europe Finland
90%
Asia Kuwait
90%
Asia Lebanon
90%
Africa Rwanda
90%
Africa Djibouti
89%
Africa Gambia
89%
Africa Togo
89%
Africa Tunisia
87%
Asia Bangladesh
85%
Africa Equatorial Guinea
85%
Asia East Timor
84%
Africa Guinea-Bissau
84%
Asia Tajikistan
84%
Africa Malawi
83%
Asia Mongolia
82%
Africa Sierra Leone
77%
Africa Zimbabwe
77%
No matching quizzes found
Score Distribution
Percent of People with Each Score
Percentile by Number Answered
Your Score History
You have not taken this quiz since the last reset